• 首页
  • 本馆介绍
  • 公告通知
  • 最新文献
  • 馆藏检索
  • 电子资源
  • 读者导购
  • 参考咨询
  • 我的图书馆
  • 登录
  • 详细信息显示
  • 放入我的书架
  • 预约/预借图书
  • 作者相关作品
  • 分类相关作品
  • 丛书相关作品
  • 出版社相关作品

书目信息

  • 表格格式
  • 工作单格式
  • 卡片格式
题名:
北大人的礼仪课
    
 
作者: 段建林 著
分册:  
出版信息: 北京   外文出版社  2013
页数: 11,301页
开本: 24cm
丛书名:
单 册:
中图分类: K891.26-49
科图分类:
主题词: 礼仪--通俗读物
电子资源:
ISBN: 978-7-119-08439-8
000 00845nam0 2200241 450
001 012001002937
005 20140926114739.0
010    @a978-7-119-08439-8@dCNY39.80
100    @a20140429d2013 em y0chiy50 ea
101 0  @achi
102    @aCN@b110000
105    @ay z 000yy
106    @ar
200 1  @a北大人的礼仪课@9bei da ren de li yi ke@f段建林著
210    @a北京@c外文出版社@d2013
215    @a11,301页@d24cm
300    @a北大人智慧书系
330    @a本书从严谨实用的角度出发,阐释了100多个人们必须懂得的礼仪常识,内容涉及仪表、语言、职场、商务、家庭、服务、涉外等诸多领域,包括了个人形象、言语谈吐、举手投足、待人接物等行为礼仪在不同场合下的具体应用。
606 0  @a礼仪@j通俗读物
690    @aK891.26-49@v5
701  0 @a段建林@9duan jian lin@4著
801  0 @aCN@b上海新华@c20180901
905    @b1153738-42@dK891.26-49@e292@f5
    
    北大人的礼仪课/段建林著.-北京:外文出版社,2013
    11,301页;24cm
    北大人智慧书系
    
    ISBN 978-7-119-08439-8:CNY39.80
    本书从严谨实用的角度出发,阐释了100多个人们必须懂得的礼仪常识,内容涉及仪表、语言、职场、商务、家庭、服务、涉外等诸多领域,包括了个人形象、言语谈吐、举手投足、待人接物等行为礼仪在不同场合下的具体应用。
●
相关链接 在E读中查询图书 在五车中查询图书 在当当中查询图书 在豆瓣中查询图书


正题名:北大人的礼仪课     索取号:K891.26-49/292         预约/预借

序号 登录号 条形码 馆藏地/架位号 状态 备注
1 1153738   211537381   第二样本阅览室/ [索取号:K891.26-49/292] 在馆    
2 1153739   211537390   第二借阅区/ [索取号:K891.26-49/292] 在馆    
3 1153740   211537407   第二借阅区/ [索取号:K891.26-49/292] 在馆    
4 1153741   211537416   密集书库-史法系/ [索取号:K891.26-49/292] 在馆    
5 1153742   211537425   第二借阅区/ [索取号:K891.26-49/292] 在馆    
唐山师范学院图书馆 欢迎您!
大连网信软件有限公司© 版权所有